Tridsaťročné jubileum Fakulty hospodárskej informatiky Ekonomickej univerzity v Bratislave
História vzniku fakulty. Formy štúdia a študijné odbory ktoré, možno študovať v súčasnosti. Orientácia fakulty vo vedeckovýskumnej činnosti. Spolupráca fakulty s hospodárskou praxou.
Guardado en:
| Autor principal: | |
|---|---|
| Formato: | Capítulo de libro |
| Lenguaje: | eslovaco |
| Materias: | |
| Etiquetas: |
Sin Etiquetas, Sea el primero en etiquetar este registro!
|
MARC
| LEADER | 00000naa a2200000 4500 | ||
|---|---|---|---|
| 001 | r033893 | ||
| 005 | 20230929092739.9 | ||
| 041 | 0 | |a slo | |
| 044 | |a SK | ||
| 245 | 1 | 0 | |a Tridsaťročné jubileum Fakulty hospodárskej informatiky Ekonomickej univerzity v Bratislave |c František Peller |
| 520 | |a História vzniku fakulty. Formy štúdia a študijné odbory ktoré, možno študovať v súčasnosti. Orientácia fakulty vo vedeckovýskumnej činnosti. Spolupráca fakulty s hospodárskou praxou. | ||
| 610 | 2 | 0 | |a školy vysoké |
| 610 | 2 | 0 | |a Fakulta hospodárskej informatiky Ekonomickej univerzity v Bratislave |
| 610 | 2 | 0 | |a Slovensko |
| 610 | 2 | 0 | |a odbory študijné |
| 610 | 2 | 0 | |a výskum vedecký |
| 610 | 2 | 0 | |a história |
| 100 | 1 | |a Peller, František | |